| 000 | 02061nam0a2200349 4500 | ||
|---|---|---|---|
| 001 | RU\NLR\bibl\1784457 | ||
| 005 | 20260407114736.0 | ||
| 010 |
_a978-5-394-01423-9 _91000 _bв пер. |
||
| 021 |
_aRU _b2011-41281 _92927 |
||
| 035 | _a(nilc)RSL-KNO-004953376 | ||
| 035 | _a(NLR Aleph) 001775190 | ||
| 090 |
_a1662742 _c1662742 |
||
| 100 | _a20110606d2011 |||y0rusy50 ca | ||
| 101 | 0 | _arus | |
| 102 | _aRU | ||
| 105 | _aa zzzz||||| | ||
| 200 | 1 |
_aСоциально-экономические и институциональные проблемы формирования современного типа российской экономики _eсборник научных трудов преподавателей и аспирантов кафедры политической экономии и международных экономических отношений РГСУ _fРоссийский гос. социальный ун-т, Каф. политической экономии и международных экономических отношений _g[отв. ред. Ерохин С. Г.] |
|
| 210 |
_aМосква _cДашков и К° _d2011 |
||
| 215 |
_a395 с. _cил., табл. _d21 |
||
| 320 | _aБиблиогр. в конце ст. | ||
| 606 | 1 |
_aИнституциональные преобразования _jСборники _yРоссийская Федерация _92342921 _3RU\NLR\auth\661400321 |
|
| 686 |
_aУ9(2)я43 _2rubbk |
||
| 686 | _aУ9(2)-18(2Р)я43 | ||
| 702 | 1 |
_aЕрохин _bС. Г. _gСергей Геннадьевич _4340 |
|
| 712 | 0 | 2 |
_4570 _aРоссийский государственный социальный университет _bКафедра политической экономии и международных экономических отношений _3RU\NLR\AUTH\8810066810 _9635259 |
| 801 | 0 |
_aRU _bRuMoRKP _c20110606 _grcr |
|
| 801 | 1 |
_aRU _bRuMoRGB _c20110606 |
|
| 801 | 2 |
_aRU _bNLR _c20110701 _grcr |
|
| 942 | _cBOOK | ||
| 980 | _aNB | ||
| 980 | _aNBR | ||